[Event "ESP-ch U14"]
[Site "Salobrena"]
[Date "2020.08.08"]
[Round "9"]
[White "Villanueva Marquez, Santiago"]
[Black "Rodriguez Garcia, Joel"]
[Result "1/2-1/2"]
[WhiteElo "1557"]
[BlackElo "1715"]
[PlyCount "70"]
[EventDate "2020.08.03"]
[EventType "swiss"]
[EventRounds "9"]
[EventCountry "ESP"]
[SourceTitle "EXT 2021"]
[Source "ChessBase"]
[SourceDate "2020.10.23"]
[SourceVersion "1"]
[SourceVersionDate "2020.10.23"]
[SourceQuality "1"]

1. d4 Nf6 2. Nf3 d5 3. Bf4 c5 4. e3 Nc6 5. c3 Qb6 6. Qc2 Bf5 7. Qb3 c4 8. Qxb6 axb6 9. Nbd2 b5 10. Nh4 e6 11. Nxf5 exf5 12. Be2 Ne4 13. Nxe4 fxe4 14. 0-0 Be7 15. f3 f5 16. fxe4 fxe4 17. Bg3 Bf6 18. Bg4 Ke7 19. Rf5 Rad8 20. Raf1 Rhf8 21. a3 g6 22. Rxf6 Rxf6 23. Bh4 Rdf8 24. Rxf6 Rxf6 25. Bxf6+ Kxf6 26. Bc8 Nd8 27. Kf2 Ke7 28. Kg3 Kd6 29. Kf4 h6 30. h4 Nc6 31. Bxb7 Ne7 32. Ba8 Ke6 33. Bb7 Nf5 34. Bc8+ Kf6 35. Bxf5 gxf5 1/2-1/2

[Event "ESP-ch U14"]
[Site "Salobrena"]
[Date "2020.08.07"]
[Round "8"]
[White "Rodriguez Garcia, Joel"]
[Black "Morales Carmona, Jose Manuel"]
[Result "1/2-1/2"]
[WhiteElo "1715"]
[BlackElo "1598"]
[PlyCount "105"]
[EventDate "2020.08.03"]
[EventType "swiss"]
[EventRounds "9"]
[EventCountry "ESP"]
[SourceTitle "EXT 2021"]
[Source "ChessBase"]
[SourceDate "2020.10.23"]
[SourceVersion "1"]
[SourceVersionDate "2020.10.23"]
[SourceQuality "1"]

1. e4 c5 2. Nf3 Nc6 3. d4 cxd4 4. Nxd4 e6 5. Nc3 Qb6 6. Ndb5 Nf6 7. Nd6+ Bxd6 8. Qxd6 Qd4 9. Qxd4 Nxd4 10. Bd3 d5 11. Bg5 dxe4 12. Nxe4 Nxe4 13. Bxe4 0-0 14. Rd1 e5 15. c3 Ne6 16. Be7 Re8 17. Bd6 Nd8 18. 0-0 Nc6 19. Rfe1 f6 20. f4 Bg4 21. Rd3 exf4 22. Bxf4 Kh8 23. Rde3 Bh5 24. Bf3 Rxe3 25. Rxe3 Bxf3 26. Rxf3 Rd8 27. Re3 Kg8 28. Kf2 Rd2+ 29. Re2 Rxe2+ 30. Kxe2 Kf7 31. b4 Ke6 32. Kd3 Kd5 33. c4+ Ke6 34. a3 g5 35. Be3 a6 36. b5 axb5 37. cxb5 Ne7 38. Kc4 Nd5 39. Bd4 f5 40. a4 b6 41. a5 bxa5 42. b6 Nxb6+ 43. Bxb6 a4 44. Kb4 Kd5 45. Kxa4 Kc4 46. Bc7 Kd3 47. Kb3 Ke2 48. Kc3 Kf2 49. g3 Kg2 50. Kd4 Kxh2 51. Ke3 Kh3 52. Kf3 h5 53. Bd8 1/2-1/2